Chladiaca vitrína na predaj cukrárenských výrobkov
Enregistré dans:
| Auteur principal: | |
|---|---|
| Autres auteurs: | |
| Format: | Manuscrit Livre |
| Langue: | slovaque |
| Publié: |
Bratislava
2016
|
| Sujets: | |
| Accès en ligne: | http://is.stuba.sk/zp/portal_zp.pl?podrobnosti=133706 |
| Tags: |
Pas de tags, Soyez le premier à ajouter un tag!
|
MARC
| LEADER | 00000ntm a22000003a 4500 | ||
|---|---|---|---|
| 001 | stuzp59278 | ||
| 003 | SK-STU | ||
| 005 | 20210222073819.1 | ||
| 007 | ta | ||
| 008 | 150427s2015----xo-----f-mn---000-0-slo-d | ||
| 040 | |a STU |b slo | ||
| 041 | 0 | |a slo | |
| 100 | 1 | |a Bednárová, Dominika |u 059190 |4 aut |U FAD Fakulta architektúry |T FA Ústav dizajnu |X 70320 |U A9190 |Y 400 |7 70320 | |
| 242 | 0 | 1 | |a Refrigerated display case for sale confectionery |y eng |
| 245 | 1 | 0 | |a Chladiaca vitrína na predaj cukrárenských výrobkov |
| 260 | |c 2016 |a Bratislava | ||
| 650 | 4 | |a dizajn |2 slo | |
| 650 | 4 | |a chladiaci systém |2 slo | |
| 650 | 4 | |a chladnička |2 slo | |
| 650 | 4 | |a cukrárenské výrobky |2 slo | |
| 650 | 4 | |a design |2 eng | |
| 650 | 4 | |a cooling (refrigerated) system |2 eng | |
| 650 | 4 | |a fridge |2 eng | |
| 650 | 4 | |a confectionery |2 eng | |
| 700 | 1 | |a Humaj, Peter |u 059190 |k Z1 |4 ths |U FAD Fakulta architektúry |T FA Ústav dizajnu |X 429 |U A9190 |Y 400 |7 A000000429 | |
| 856 | 4 | |u http://is.stuba.sk/zp/portal_zp.pl?podrobnosti=133706 |u https://opac.crzp.sk/?fn=detailBiblioForm&sid=432D5F57058EEAA05B942761F036 | |
| SQL | |a stuzp59278 |b DBP |c SLO |d Chladiaca vitrína na predaj cukrárenských výrobkov |e 70320 |f Bednárová, Dominika |g 059190 |h 429 |i Humaj, Peter |j 20160610 |k 1466 |l 05 |m http://is.stuba.sk/zp/portal_zp.pl?podrobnosti=133706 |n B-D |o 2.2.6. dizajn | ||